000 00629nam a2200169 i 4500
001 102046
003 ES-MaACL
005 20250811063218.0
007 t|
008 051103s1933 sp ||||1| spa d
110 1 _aEspaña.
_bDirección General de Ganadería e Industrias Pecuarias
_93740
245 1 0 _aMemoria
_b: trabajos realizados en la Estación Pecuaria Central en el año 1933 /
_cMinisterio de Agricultura, Dirección General de Ganaderia e Industrias Pecuarias.
260 _aMadrid :
_bHuelves y Cía.,
_c1934.
300 _a127 p. ;
_c24 cm.
852 _aES-MaACL
_j1796-F-6
999 _c102046
_d102046